| 000 | 01100nam0a22002771 4500 | ||
|---|---|---|---|
| 001 | rc\4564234 | ||
| 005 | 20250612120603.0 | ||
| 021 |
_aRU _b[67-55819] |
||
| 035 | _a(NLR Aleph) 008647672 | ||
| 090 |
_a8982023 _c8982023 |
||
| 100 | _a20130416d1967 |||y0rusy50 ca | ||
| 101 | 0 | _arus | |
| 102 | _aRU | ||
| 105 | _aa z ||||| | ||
| 200 | 1 |
_aЗона вредности водяной крысы в Западной Сибири, методы учета численности и прогноза _fАН СССР. Сиб. отд-ние. Биол. ин-т |
|
| 210 |
_aНовосибирск _cНаука. Сиб. отд-ние _d1967 |
||
| 215 |
_a59 с. _cил. _d19 |
||
| 320 | _aБиблиогр.: с. 57-58 | ||
| 606 |
_aВодяная крыса _yЗападная Сибирь _2psbo |
||
| 700 | 1 |
_4070 _7ca _8rus _aМаксимов _bА. А. _cд-р биол. наук _f1914-1990 _gАнатолий Александрович _92648027 _3RU\NLR\AUTH\770276060 |
|
| 801 | 0 |
_aRU _bNLR _gpsbo |
|
| 801 | 1 |
_aRU _bELAR _2rusmarc |
|
| 852 |
_aNLR _j67-4/14106 |
||
| 942 | _cBOOK | ||
| 980 | _aNB | ||